000 00608nam a22001817a 4500
005 20251108173038.0
008 250721s9999 xx 000 0 ara d
082 1 4 _a302/سعد
100 1 _aبيومي، محمد أحمد
245 1 0 _aالقيم و موجهات السلوك الإجتماعي ( دراسات تطبيقية ) /
264 1 _aالإسكندرية :
_bدار المعرفة الجامعية،
300 _a357 ص.
650 1 7 _aعلم الإجتماع
650 1 7 _aالسلوك الإجتماعي
700 1 _aسعد، إسماعيل علي
942 _2ddc
_cBK
999 _c94808
_d94808